Handbook on material and energy balance calculations in materials processing

সংরক্ষণ করুন:
গ্রন্থ-পঞ্জীর বিবরন
প্রধান লেখক: Morris, Arthur E. (Author), Geiger, Gordon H (Author), Fine, H. Alan (Author)
বিন্যাস: গ্রন্থ
ভাষা:ইংরেজি
প্রকাশিত: Hoboken John Wiley and Sons 2011
সংস্করন:3a. ed
বিষয়গুলি:
ট্যাগগুলো: ট্যাগ যুক্ত করুন
কোনো ট্যাগ নেই, প্রথমজন হিসাবে ট্যাগ করুন!

MARC

LEADER 00000cam a2200000 a 4500
001 UCF2563
003 CL-VaPUC
008 120830e20110000US |||||||||||||||||eng|d
020 |a 9781118065655 
082 0 4 |a 660.28  |b MOR  |2 21 
100 |a Morris, Arthur E.  |e author  |9 621418 
700 |a Geiger, Gordon H  |e author  |9 565783 
700 0 |a Fine, H. Alan  |e author  |9 564243 
245 1 0 |a Handbook on material and energy balance calculations in materials processing 
250 |a 3a. ed 
300 |a 616 p 
942 |c BK 
945 |d 20120830 00:00:00  |a cmena 
260 |a Hoboken  |b John Wiley and Sons  |c 2011 
500 |a Incluye Cd-Rom 
650 0 |a Procesos químicos  |9 259436 
650 0 |a Modelos matemáticos   |9 259437 
650 0 |a Manuales  |9 257144 
650 0 |a Procesos de manufactura  |9 259371 
583 |a last modification  |c 20120830 10:25:00  |k Rodrigo Vera 
999 |c 349105  |d 349103 
952 |0 0  |1 0  |4 0  |6 660_280000000000000_MOR_2011  |7 0  |8 A  |9 451528  |a BIBING  |b BIBING  |d 2019-11-22  |i 4894057  |o 660.28 MOR 2011  |p 4894057  |r 2025-01-20  |w 2019-11-22  |y BK  |k EIQ 
952 |0 0  |1 0  |4 0  |6 660_280000000000000_MOR_2011  |7 0  |8 A  |9 451529  |a BIBING  |b BIBING  |d 2019-11-22  |i 4894065  |l 1  |o 660.28 MOR 2011  |p 4894065  |r 2025-03-13  |s 2025-03-13  |w 2019-11-22  |y BK  |k EIQ 
952 |0 0  |1 0  |4 0  |6 660_280000000000000_MOR_2011  |7 0  |8 A  |9 451530  |a BIBING  |b BIBING  |d 2019-11-22  |i 4894073  |o 660.28 MOR 2011  |p 4894073  |r 2025-01-20  |w 2019-11-22  |y BK  |k EIQ 
952 |0 0  |1 0  |4 0  |6 660_280000000000000_MOR_2011  |7 0  |8 A  |9 451531  |a BIBING  |b BIBING  |d 2019-11-22  |i 4924436  |o 660.28 MOR 2011  |p 4924436  |r 2025-01-20  |w 2019-11-22  |y BK  |k EIQ